| 000 | 00646nam a2200193 i 4500 | ||
|---|---|---|---|
| 001 | 91601 | ||
| 003 | ES-MaACL | ||
| 005 | 20250829113311.0 | ||
| 007 | t| | ||
| 008 | 050201s1957 an ||||1| spa d | ||
| 245 | 0 | 0 |
_aLey y Reglamento del Timbre del Estado / _canotada y concordada por Francisco Quinza Segura y Rafael de Santiago Gómez ; prólogo de H. Rossy. |
| 260 |
_a[Andorra : _bs.n., _c1957] ( _fCasal y Vall) |
||
| 300 |
_aVII, 424 p. ; _c22 cm. |
||
| 700 | 1 |
_aQuinzá Segura, Francisco _994743 |
|
| 700 | 1 |
_aGómez, Rafael. _957793 |
|
| 700 | 1 |
_aRossi, H. _999876 |
|
| 852 |
_aES-MaACL _jC-12014 _bR.40167 |
||
| 999 |
_c91601 _d91601 |
||